[Event "George Trundle NZ Qualifiers 2017"]
[Site "Auckland, NZL"]
[Date "2017.10.08"]
[Round "9.1"]
[White "Fan, Allen Chi Zhou"]
[Black "Polishchuk, Kirill"]
[Result "1-0"]
[BlackElo "2134"]
[WhiteElo "2077"]
[LiveChessVersion "1.4.8"]

1. Nf3 {[%clk 1:30:57]} d5 {[%clk 1:30:49]} 2. g3 {[%clk 1:31:18]} Nc6
{[%clk 1:30:32]} 3. Bg2 {[%clk 1:31:43]} e5 {[%clk 1:30:28]} 4. d3
{[%clk 1:32:07]} f5 {[%clk 1:28:52]} 5. c3 {[%clk 1:18:07]} Nf6 {[%clk 1:20:21]}
6. O-O {[%clk 1:07:02]} Bd6 {[%clk 1:18:55]} 7. a4 {[%clk 1:06:09]} O-O
{[%clk 1:16:59]} 8. Na3 {[%clk 1:05:56]} a6 {[%clk 1:16:57]} 9. b4
{[%clk 0:50:05]} f4 {[%clk 1:12:20]} 10. b5 {[%clk 0:46:11]} Ne7 {[%clk 1:10:15]}
11. c4 {[%clk 0:43:30]} fxg3 {[%clk 1:09:28]} 12. hxg3 {[%clk 0:43:05]} c6
{[%clk 1:04:56]} 13. cxd5 {[%clk 0:33:09]} cxd5 {[%clk 1:02:58]} 14. Bb2
{[%clk 0:32:56]} Ng6 {[%clk 1:00:07]} 15. e4 {[%clk 0:31:28]} Bg4
{[%clk 0:49:35]} 16. Qb3 {[%clk 0:27:10]} Kh8 {[%clk 0:46:59]} 17. exd5
{[%clk 0:26:32]} Nh5 {[%clk 0:43:23]} 18. Nh2 {[%clk 0:25:09]} Qg5
{[%clk 0:36:51]} 19. Bc1 {[%clk 0:12:48]} Nhf4 {[%clk 0:26:18]} 20. Ra2
{[%clk 0:13:00]} Bh3 {[%clk 0:23:24]} 21. Bxh3 {[%clk 0:06:21]} Nxh3+
{[%clk 0:23:41]} 22. Kh1 {[%clk 0:06:20]} Qh5 {[%clk 0:21:16]} 23. Be3
{[%clk 0:06:02]} Bxa3 {[%clk 0:14:58]} 24. Rxa3 {[%clk 0:05:58]} Rf6
{[%clk 0:12:34]} 25. Ra2 {[%clk 0:05:36]} Raf8 {[%clk 0:10:43]} 26. Qc4
{[%clk 0:05:39]} Ngf4 {[%clk 0:07:45]} 27. gxf4 {[%clk 0:05:17]} Rh6
{[%clk 0:04:56]} 28. f3 {[%clk 0:04:42]} exf4 {[%clk 0:04:23]} 29. Bd4
{[%clk 0:04:56]} Ng5 {[%clk 0:04:25]} 30. Rg2 {[%clk 0:04:43]} Rg8
{[%clk 0:03:59]} 31. Qc3 {[%clk 0:04:33]} Rg6 {[%clk 0:03:47]} 32. Be5
{[%clk 0:03:42]} Qh3 {[%clk 0:03:38]} 33. Rff2 {[%clk 0:03:19]} Rc8
{[%clk 0:02:31]} 34. Qb2 {[%clk 0:03:41]} Qf5 {[%clk 0:02:36]} 35. d4
{[%clk 0:03:01]} Nh3 {[%clk 0:02:24]} 36. Rf1 {[%clk 0:03:04]} Qd3
{[%clk 0:02:06]} 37. Rc1 {[%clk 0:02:47]} Rxc1+ {[%clk 0:01:03]} 38. Qxc1
{[%clk 0:03:12]} h6 {[%clk 0:01:27]} 39. Rxg6 {[%clk 0:02:41]} Nf2+
{[%clk 0:01:48]} 40. Kg2 {[%clk 0:32:39]} Qxg6+ {[%clk 0:32:07]} 41. Kxf2
{[%clk 0:32:49]} Qg3+ {[%clk 0:32:30]} 42. Kf1 {[%clk 0:31:38]} Qxh2
{[%clk 0:32:30]} 43. Qc8+ {[%clk 0:31:54]} Kh7 {[%clk 0:32:47]} 44. Qf5+
{[%clk 0:32:10]} Kg8 {[%clk 0:33:03]} 45. Qg4 {[%clk 0:31:20]} Qh1+
{[%clk 0:33:09]} 46. Ke2 {[%clk 0:31:42]} Qh2+ {[%clk 0:33:30]} 47. Kd3
{[%clk 0:32:07]} g5 {[%clk 0:33:43]} 48. Qe6+ {[%clk 0:32:19]} 1-0

[Event "George Trundle NZ Qualifiers 2017"]
[Site "Auckland, NZL"]
[Date "2017.10.08"]
[Round "9.2"]
[White "Zhang, Jasmine Haomo"]
[Black "Goodhue, Nathan"]
[Result "1/2-1/2"]
[BlackElo "1976"]
[WhiteElo "1826"]
[LiveChessVersion "1.4.8"]

1. d4 {[%clk 1:30:58]} b6 {[%clk 1:25:45]} 2. Bf4 {[%clk 1:29:49]} Bb7
{[%clk 1:25:30]} 3. e3 {[%clk 1:30:07]} Nf6 {[%clk 1:25:16]} 4. Nd2
{[%clk 1:29:40]} d6 {[%clk 1:19:31]} 5. h3 {[%clk 1:29:47]} c5 {[%clk 1:19:34]}
6. Ngf3 {[%clk 1:29:36]} g6 {[%clk 1:18:15]} 7. c3 {[%clk 1:29:51]} Bg7
{[%clk 1:18:33]} 8. Bd3 {[%clk 1:29:36]} O-O {[%clk 1:18:52]} 9. Qe2
{[%clk 1:28:44]} cxd4 {[%clk 1:15:23]} 10. exd4 {[%clk 1:29:08]} Nd5
{[%clk 1:14:51]} 11. Bh2 {[%clk 1:29:09]} Bh6 {[%clk 1:13:24]} 12. O-O
{[%clk 1:25:56]} Nf4 {[%clk 1:13:09]} 13. Bxf4 {[%clk 1:26:20]} Bxf4
{[%clk 1:13:35]} 14. Rfe1 {[%clk 1:25:44]} e6 {[%clk 1:12:39]} 15. Be4
{[%clk 1:21:48]} d5 {[%clk 1:05:48]} 16. Bd3 {[%clk 1:22:10]} Nc6
{[%clk 1:04:57]} 17. g3 {[%clk 1:18:45]} Bh6 {[%clk 1:04:55]} 18. Nf1
{[%clk 1:16:44]} Re8 {[%clk 1:03:32]} 19. Ne3 {[%clk 1:13:50]} Bg7
{[%clk 0:57:24]} 20. Rad1 {[%clk 1:11:10]} a5 {[%clk 0:43:55]} 21. Bb5
{[%clk 1:07:16]} Re7 {[%clk 0:39:02]} 22. Ng4 {[%clk 1:04:13]} Qd6
{[%clk 0:34:05]} 23. Qd2 {[%clk 0:58:03]} f6 {[%clk 0:29:28]} 24. Bf1
{[%clk 0:49:39]} Nd8 {[%clk 0:27:52]} 25. Bg2 {[%clk 0:48:12]} Nf7
{[%clk 0:28:06]} 26. Kh2 {[%clk 0:44:05]} Ba6 {[%clk 0:23:05]} 27. Qc2
{[%clk 0:35:42]} Rc8 {[%clk 0:22:33]} 28. Bf1 {[%clk 0:31:21]} Bb7
{[%clk 0:21:54]} 29. Qb3 {[%clk 0:28:03]} Qc7 {[%clk 0:19:24]} 30. Bg2
{[%clk 0:22:50]} Nd6 {[%clk 0:19:33]} 31. Nd2 {[%clk 0:22:19]} h5
{[%clk 0:15:57]} 32. Ne3 {[%clk 0:22:32]} b5 {[%clk 0:12:44]} 33. Qc2
{[%clk 0:14:20]} f5 {[%clk 0:12:52]} 34. Qd3 {[%clk 0:14:11]} Nc4
{[%clk 0:07:02]} 35. Ndxc4 {[%clk 0:13:02]} dxc4 {[%clk 0:07:09]} 36. Qc2
{[%clk 0:13:25]} Bxg2 {[%clk 0:07:17]} 37. Nxg2 {[%clk 0:13:48]} e5
{[%clk 0:04:49]} 38. dxe5 {[%clk 0:13:43]} Rxe5 {[%clk 0:04:31]} 39. Nf4
{[%clk 0:11:55]} Kh7 {[%clk 0:03:00]} 40. Re2 {[%clk 0:36:50]} Rce8
{[%clk 0:32:59]} 41. Rde1 {[%clk 0:33:00]} Rxe2 {[%clk 0:32:16]} 42. Rxe2
{[%clk 0:33:24]} Rxe2 {[%clk 0:31:49]} 43. Qxe2 {[%clk 0:33:50]} Qe5
{[%clk 0:31:47]} 44. Qxe5 {[%clk 0:32:45]} Bxe5 {[%clk 0:32:10]} 45. Nd5
{[%clk 0:33:07]} Kg7 {[%clk 0:29:31]} 46. Kg2 {[%clk 0:32:55]} Kf7
{[%clk 0:29:42]} 47. Ne3 {[%clk 0:31:20]} Ke6 {[%clk 0:27:59]} 48. f4
{[%clk 0:29:18]} Bc7 {[%clk 0:26:40]} 49. Kf3 {[%clk 0:25:02]} Kd6
{[%clk 0:20:56]} 50. a4 {[%clk 0:24:02]} Kc5 {[%clk 0:20:28]} 51. axb5
{[%clk 0:24:26]} Kxb5 {[%clk 0:20:15]} 52. g4 {[%clk 0:18:54]} fxg4+
{[%clk 0:16:40]} 53. hxg4 {[%clk 0:19:21]} hxg4+ {[%clk 0:09:01]} 54. Kxg4
{[%clk 0:12:30]} Bb6 {[%clk 0:02:12]} 55. Nf1 {[%clk 0:12:07]} Bd8
{[%clk 0:02:09]} 56. Nd2 {[%clk 0:12:18]} Bf6 {[%clk 0:01:43]} 57. Kg3
{[%clk 0:09:22]} Be7 {[%clk 0:02:02]} 58. Kg4 {[%clk 0:08:44]} Bf6
{[%clk 0:02:29]} 59. Ne4 {[%clk 0:02:46]} Be7 {[%clk 0:02:33]} 60. Nd2
{[%clk 0:03:05]} Bd8 {[%clk 0:01:54]} 61. Ne4 {[%clk 0:02:16]} Be7
{[%clk 0:02:14]} 62. Nd2 {[%clk 0:02:30]} Bd8 {[%clk 0:01:38]} 63. Ne4
{[%clk 0:02:45]} Be7 {[%clk 0:01:46]} 1/2-1/2

[Event "George Trundle NZ Qualifiers 2017"]
[Site "Auckland, NZL"]
[Date "2017.10.08"]
[Round "9.3"]
[White "Morrell, Gordon"]
[Black "Nicholls, Leighton"]
[Result "0-1"]
[BlackElo "1902"]
[WhiteElo "2030"]
[LiveChessVersion "1.4.8"]

1. d4 {[%clk 1:30:57]} Nf6 {[%clk 1:30:52]} 2. c4 {[%clk 1:31:23]} c5
{[%clk 1:31:16]} 3. d5 {[%clk 1:31:31]} b5 {[%clk 1:31:23]} 4. cxb5
{[%clk 1:31:19]} a6 {[%clk 1:31:45]} 5. e3 {[%clk 1:31:37]} g6 {[%clk 1:29:53]}
6. Nc3 {[%clk 1:30:51]} Bg7 {[%clk 1:28:38]} 7. Nf3 {[%clk 1:30:53]} d6
{[%clk 1:27:10]} 8. h3 {[%clk 1:28:26]} O-O {[%clk 1:25:00]} 9. e4
{[%clk 1:23:19]} axb5 {[%clk 1:18:08]} 10. Bxb5 {[%clk 1:23:35]} Nxe4
{[%clk 1:13:29]} 11. O-O {[%clk 0:38:01]} Nxc3 {[%clk 1:02:05]} 12. bxc3
{[%clk 0:37:09]} Qa5 {[%clk 0:53:24]} 13. a4 {[%clk 0:35:45]} Bxc3
{[%clk 0:50:25]} 14. Bh6 {[%clk 0:34:05]} Rd8 {[%clk 0:44:34]} 15. Rc1
{[%clk 0:26:34]} Bd7 {[%clk 0:38:11]} 16. Qe2 {[%clk 0:21:11]} Bxb5
{[%clk 0:35:14]} 17. axb5 {[%clk 0:21:18]} Bf6 {[%clk 0:33:05]} 18. g4
{[%clk 0:16:10]} Re8 {[%clk 0:29:00]} 19. Rb1 {[%clk 0:05:28]} Nd7
{[%clk 0:27:18]} 20. Nd2 {[%clk 0:04:43]} Nb6 {[%clk 0:23:26]} 21. Nc4
{[%clk 0:01:20]} Nxc4 {[%clk 0:21:33]} 22. Qxc4 {[%clk 0:01:46]} Reb8
{[%clk 0:17:00]} 23. Bd2 0-1

[Event "George Trundle NZ Qualifiers 2017"]
[Site "Auckland, NZL"]
[Date "2017.10.08"]
[Round "9.4"]
[White "Macdonald, Paul"]
[Black "James, Jack"]
[Result "0-1"]
[BlackElo "2062"]
[WhiteElo "2033"]
[LiveChessVersion "1.4.8"]

1. b3 {[%clk 1:30:57]} e5 {[%clk 1:30:54]} 2. Bb2 {[%clk 1:31:23]} d6
{[%clk 1:31:19]} 3. e4 {[%clk 1:31:44]} c5 {[%clk 1:31:44]} 4. Nf3
{[%clk 1:29:27]} Nc6 {[%clk 1:31:40]} 5. Be2 {[%clk 1:29:09]} g6 {[%clk 1:29:44]}
6. O-O {[%clk 1:29:32]} Bg7 {[%clk 1:30:02]} 7. Nc3 {[%clk 1:29:51]} Nge7
{[%clk 1:29:50]} 8. Nd5 {[%clk 1:27:37]} Nxd5 {[%clk 1:22:20]} 9. exd5
{[%clk 1:28:05]} Ne7 {[%clk 1:22:42]} 10. c4 {[%clk 1:22:41]} O-O
{[%clk 1:22:25]} 11. d3 {[%clk 1:20:08]} h6 {[%clk 1:22:09]} 12. Nd2
{[%clk 1:20:33]} g5 {[%clk 1:15:31]} 13. a3 {[%clk 1:19:05]} f5 {[%clk 1:14:37]}
14. b4 {[%clk 1:19:22]} b6 {[%clk 1:15:01]} 15. Bc3 {[%clk 1:15:28]} g4
{[%clk 1:07:22]} 16. bxc5 {[%clk 1:15:11]} bxc5 {[%clk 1:07:44]} 17. Rb1
{[%clk 1:12:11]} Qe8 {[%clk 1:04:56]} 18. Nb3 {[%clk 1:11:11]} h5
{[%clk 1:02:04]} 19. Na5 {[%clk 1:11:33]} f4 {[%clk 0:58:32]} 20. f3
{[%clk 0:55:27]} Nf5 {[%clk 0:46:46]} 21. Qd2 {[%clk 0:53:24]} Qg6
{[%clk 0:40:33]} 22. Kh1 {[%clk 0:51:59]} Bh6 {[%clk 0:28:06]} 23. Nc6
{[%clk 0:44:27]} Re8 {[%clk 0:22:22]} 24. Qe1 {[%clk 0:38:04]} Ne3
{[%clk 0:11:46]} 25. Rg1 {[%clk 0:38:33]} g3 {[%clk 0:12:11]} 26. h3
{[%clk 0:37:07]} Bf5 {[%clk 0:11:12]} 27. Rb7 {[%clk 0:31:31]} Bg5
{[%clk 0:10:24]} 28. Qd2 {[%clk 0:23:41]} Bh4 {[%clk 0:07:53]} 29. Bf1
{[%clk 0:18:57]} Kh8 {[%clk 0:07:06]} 30. Qe2 {[%clk 0:18:24]} Rg8
{[%clk 0:04:35]} 31. Bxe5+ {[%clk 0:07:20]} dxe5 {[%clk 0:03:16]} 32. Nxe5
{[%clk 0:07:48]} Qf6 {[%clk 0:02:40]} 33. Nf7+ {[%clk 0:07:09]} Kg7
{[%clk 0:02:45]} 34. Ng5+ {[%clk 0:04:21]} Kh6 {[%clk 0:02:38]} 35. Ne4
{[%clk 0:03:49]} Qd4 {[%clk 0:02:41]} 36. Rc7 {[%clk 0:03:01]} Rgc8
{[%clk 0:02:23]} 37. Rf7 {[%clk 0:02:51]} Rf8 {[%clk 0:02:28]} 38. Rc7
{[%clk 0:02:38]} Rab8 {[%clk 0:01:46]} 39. Nd6 {[%clk 0:31:38]} Bg6
{[%clk 0:31:23]} 40. Nb5 {[%clk 0:31:52]} Qa1 {[%clk 0:31:09]} 41. Rxa7 Nd1 0-1

[Event "George Trundle NZ Qualifiers 2017"]
[Site "Auckland, NZL"]
[Date "2017.10.08"]
[Round "9.5"]
[White "Nyberg, Michael"]
[Black "Milligan, Helen"]
[Result "0-1"]
[BlackElo "2007"]
[WhiteElo "1881"]
[LiveChessVersion "1.4.8"]

1. e4 {[%clk 1:28:04]} e5 {[%clk 1:30:39]} 2. Nf3 {[%clk 1:28:04]} Nc6
{[%clk 1:31:04]} 3. Bc4 {[%clk 1:28:28]} Bc5 {[%clk 1:30:56]} 4. O-O
{[%clk 1:28:44]} Nf6 {[%clk 1:31:11]} 5. d3 {[%clk 1:29:02]} d6 {[%clk 1:27:31]}
6. Nbd2 {[%clk 1:28:33]} a6 {[%clk 1:26:35]} 7. a4 {[%clk 1:28:45]} O-O
{[%clk 1:26:40]} 8. c3 {[%clk 1:28:18]} Ba7 {[%clk 1:25:58]} 9. h3
{[%clk 1:28:27]} Be6 {[%clk 1:24:11]} 10. Bxe6 {[%clk 1:21:29]} fxe6
{[%clk 1:24:35]} 11. Qb3 {[%clk 1:21:50]} Qd7 {[%clk 1:24:50]} 12. Re1
{[%clk 1:20:51]} Nh5 {[%clk 1:22:07]} 13. Nf1 {[%clk 1:16:57]} Na5
{[%clk 1:11:20]} 14. Qd1 {[%clk 1:13:55]} Qf7 {[%clk 1:10:51]} 15. Be3
{[%clk 1:09:52]} Nf4 {[%clk 1:09:17]} 16. Bxa7 {[%clk 1:08:08]} Rxa7
{[%clk 1:08:19]} 17. Re3 {[%clk 1:08:20]} Raa8 {[%clk 1:05:21]} 18. Ng3
{[%clk 1:07:52]} Nc6 {[%clk 1:04:33]} 19. Qc2 {[%clk 0:58:17]} Qg6
{[%clk 0:56:57]} 20. Rd1 {[%clk 0:51:00]} Rf7 {[%clk 0:53:08]} 21. Kh2
{[%clk 0:47:43]} Raf8 {[%clk 0:52:41]} 22. Rg1 {[%clk 0:42:47]} Qh6
{[%clk 0:50:17]} 23. Rh1 {[%clk 0:29:29]} Nxh3 {[%clk 0:45:01]} 24. gxh3
{[%clk 0:29:48]} Rxf3 {[%clk 0:45:20]} 25. Rxf3 {[%clk 0:30:12]} Rxf3
{[%clk 0:45:42]} 26. Kg2 {[%clk 0:30:33]} Rf7 {[%clk 0:41:31]} 27. b4
{[%clk 0:27:53]} Ne7 {[%clk 0:41:06]} 28. Qc1 {[%clk 0:23:36]} Qh4
{[%clk 0:38:34]} 29. Qe3 {[%clk 0:21:01]} Ng6 {[%clk 0:38:04]} 30. Ne2
{[%clk 0:20:56]} Qh5 {[%clk 0:35:30]} 31. Ng3 {[%clk 0:15:44]} Nh4+
{[%clk 0:35:28]} 32. Kg1 {[%clk 0:09:31]} Qg6 {[%clk 0:31:30]} 33. Qe2
{[%clk 0:04:19]} Rf3 {[%clk 0:30:56]} 34. Rh2 {[%clk 0:03:51]} Qg5
{[%clk 0:29:01]} 35. Qd1 {[%clk 0:02:58]} h6 {[%clk 0:26:51]} 36. b5
{[%clk 0:02:17]} axb5 {[%clk 0:27:03]} 37. axb5 {[%clk 0:02:46]} b6
{[%clk 0:27:11]} 38. Kh1 {[%clk 0:02:16]} Qf4 {[%clk 0:25:10]} 39. Kg1
{[%clk 0:02:21]} Kh7 {[%clk 0:22:22]} 40. Ne2 {[%clk 0:31:36]} Qf6
{[%clk 0:49:55]} 41. Kf1 {[%clk 0:30:16]} Qg5 {[%clk 0:44:29]} 42. Ng1
{[%clk 0:29:43]} Rf6 {[%clk 0:43:37]} 43. Ne2 {[%clk 0:29:20]} Qh5
{[%clk 0:37:13]} 44. c4 {[%clk 0:27:44]} Rg6 {[%clk 0:34:49]} 45. Nc3
{[%clk 0:22:57]} Nf3 {[%clk 0:34:01]} 46. Rh1 {[%clk 0:23:07]} Rf6
{[%clk 0:34:04]} 47. Ne2 {[%clk 0:22:57]} Qh4 {[%clk 0:31:55]} 48. Ng3
{[%clk 0:22:47]} Rf4 {[%clk 0:30:08]} 49. Kg2 {[%clk 0:20:48]} Qf6
{[%clk 0:25:20]} 50. Qe2 {[%clk 0:20:07]} Nd4 {[%clk 0:23:48]} 51. Qd2
{[%clk 0:19:45]} Rf3 {[%clk 0:23:41]} 52. Rf1 {[%clk 0:15:35]} Qg6
{[%clk 0:23:14]} 53. Rg1 {[%clk 0:15:16]} h5 {[%clk 0:22:59]} 54. Kf1
{[%clk 0:15:30]} Rf4 {[%clk 0:20:59]} 55. Nf5 {[%clk 0:15:51]} Qxg1+
{[%clk 0:21:06]} 56. Kxg1 {[%clk 0:16:20]} Nf3+ {[%clk 0:21:24]} 0-1